Normal view
MARC view
- Brown, Patrick,
Entry Personal Name
001 - CONTROL NUMBER
- control field: 40225
003 - CONTROL NUMBER IDENTIFIER
- control field: OSt
005 - DATE AND TIME OF LATEST TRANSACTION
- control field: 20191007112315.0
008 - FIXED-LENGTH DATA ELEMENTS
- fixed length control field: 191007|| aca||aabn | a|a d
040 ## - CATALOGING SOURCE
- Original cataloging agency: OSt
- Transcribing agency: OSt
100 ## - HEADING--PERSONAL NAME
- Personal name: Brown, Patrick,
- Dates associated with a name: 1978-
- Relator term: author.
670 ## - SOURCE DATA FOUND
- Source citation: Work cat.: (OSt)0: Brown, Patrick, 1978- author., Evidence-based science activities in grades 3-5 :, ©2019.
